Una vivencia religiosa /
Na minha lista:
| Autor principal: | |
|---|---|
| Formato: | Desconhecido |
| Publicado em: |
Buenos Aires:
Amorrortu
|
| Tags: |
Adicionar Tag
Sem tags, seja o primeiro a adicionar uma tag!
|
MARC
| LEADER | 00000 a2200000 04500 | ||
|---|---|---|---|
| 001 | 29101 | ||
| 003 | |||
| 008 | 991231s d | ||
| 040 | |||
| 020 | |a 84-610-0521-X (Volumen 21) | ||
| 022 | |a 84-610-0521-X (Volum | ||
| 090 | |a 191005 | ||
| 100 | |a Freud, Sigmund | ||
| 245 | |a Una vivencia religiosa / |c Freud Sigmund | ||
| 260 | |a Buenos Aires: |b Amorrortu | ||
| 300 | |a vol. 21 | ||
| 500 | |a Traducción directa del alemán de José L. Etcheverry.Ordenamiento, comentarios y notas de James Strachy con la colaboración de Anna Freud, asistidos por Alix Strachey y Allan Tyson | ||
| 999 | |c 12134 |d 12134 | ||



